| Поле | Название | Значение |
| |
Тип записи |
a |
| |
Библиографический уровень |
m |
| 001 |
Контрольный номер |
RU/SLIB/B/208745283 |
| 005 |
Дата корректировки |
20201206204110.8 |
| 010 |
Индекс ISBN |
__ |
| a |
ISBN |
5-222-02648-5 |
| d |
Цена |
152-49; 160-00 |
| 101 |
Язык документа |
0_ |
| a |
Язык текста |
rus |
| c |
Язык оригинала |
rus |
| 200 |
Заглавие и сведения об ответственности |
1_ |
| a |
Заглавие |
Рецептурный справочник для фельдшеров, акушерок и медицинских сестер |
| f |
Первые сведения об ответственности |
Н. И. Федюкович |
| b |
Общее обозначение материала |
Текст |
| 210 |
Выходные данные |
__ |
| a |
Место издания |
Минск |
| c |
Издательство |
Интерпрессервис |
| d |
Дата издания |
2002 |
| 210 |
Выходные данные |
__ |
| a |
Место издания |
Россия |
| c |
Издательство |
Феникс |
| d |
Дата издания |
2002 |
| 215 |
Физическое описание |
__ |
| a |
Объем |
704 с. |
| c |
Иллюстрации/тип воспроизводства |
ил. |
| 320 |
Библиография |
__ |
| a |
Библиография |
Библиогр.: с. 680-694 |
| 330 |
Аннотация |
__ |
| a |
Аннотация |
Состоит из общей рецептуры и специальной части, где лекарственные средства сгруппированы в соответствии с современной классификацией лекарственных препаратов. Приводятся фармакологическое действие, побочное действие, противопоказания и форма выпуска лекарственных средств. |
| 606 |
Тематические рубрики |
__ |
| a |
Основная рубрика |
Здравоохранение. Медицинские науки |
| 606 |
Тематические рубрики |
__ |
| a |
Основная рубрика |
Фармакология |
| 610 |
Ключевые слова |
__ |
| a |
Ключевые слова |
рецептура; лекарственные средства; лекарственные препараты; антисептики; витамины |
| 686 |
Индексы других классификаций |
__ |
| a |
Классификационный индекс |
52.817я22 |
| 700 |
Автор |
_1 |
| a |
Фамилия |
Федюкович |
| b |
Имя |
Н. И. |
| g |
Полное личное имя |
Николай Иванович |
| 4 |
Код отношения |
070 |
| 801 |
Источник записи |
_0 |
| a |
Страна |
RU |
| b |
Организация |
Муниципальное бюджетное учреждение культуры "Централизованная библиотечная система" г. Сургут (Центральная городская библиотека им. А. С. Пушкина) |
| g |
Правила каталогизации |
КиК/Поспелова; КиК/Гришунина |
| 801 |
Источник записи |
_1 |
| a |
Страна |
RU |
| b |
Организация |
Муниципальное бюджетное учреждение культуры "Централизованная библиотечная система" г. Сургут (Центральная городская библиотека им. А. С. Пушкина) |
| g |
Правила каталогизации |
КиК/Поспелова; КиК/Гришунина |
| 852 |
Данные о местонахождении |
__ |
| j |
Шифр хранения |
52.817я22 |
| c |
Каталожный индекс |
52.81я2 |
| i |
Авторский знак |
Ф 35 |
| 901 |
Тип документа |
__ |
| t |
Тип документа |
m |
| 903 |
Характеристики (МАРС) |
__ |
| a |
Дата передачи |
20041221; 20030909 |
| 969 |
Тип издания |
__ |
| a |
Тип издания |
справочник |
| 990 |
Данные о заказе (DOS) |
__ |
| j |
Количество экземпляров (DOS) |
3; 3 |
| t |
N записи в КСУ для И/У (DOS) |
200501; 200309 |